| 000 | 00398nam a2200157Ia 4500 | ||
|---|---|---|---|
| 005 | 20240809051949.0 | ||
| 008 | 240331s9999 xx 000 0 und d | ||
| 082 |
_bSAR _a398.2 |
||
| 100 | _aSarachchandra, E.R. | ||
| 245 | 4 | _aThe Folk Drama of Ceylon | |
| 260 |
_aCeylon _bThe Dept. of Cultural Affairs _c1966 |
||
| 300 | _axiii, 189 p ., | ||
| 650 | _aCultural | ||
| 650 | _aReligion | ||
| 942 | _cL | ||
| 999 |
_c2998 _d2998 |
||